|
|
|
|
| LEADER |
01602nam a22003497a 4500 |
| 001 |
34859 |
| 003 |
BD-DhAAL |
| 005 |
20241111095939.0 |
| 008 |
190722t20181975bg 000 1 ben d |
| 020 |
|
|
|a 9789848966334
|
| 020 |
|
|
|a 9789848966339
|
| 040 |
|
|
|a BD-DhAAL
|
| 041 |
|
|
|a ben
|
| 082 |
|
|
|a 891.44371
|2 23
|
| 100 |
|
|
|a ছফা, আহমদ.
|9 33000
|
| 245 |
1 |
0 |
|a ওঙ্কার /
|c আহমদ ছফা, ভূমিকা সুদীপ্ত হাননান, সম্পাদনা মানজুর ছফা.
|
| 246 |
|
|
|a Onkhar
|
| 260 |
|
|
|a ঢাকা :
|b হাওলাদার প্রকাশনী,
|c ২০১৮.
|
| 300 |
|
|
|a ৮০ পৃষ্ঠা ;
|c ২২ সে. মি.
|
| 500 |
|
|
|a Novel.
|
| 526 |
|
|
|a Residential Campus
|
| 541 |
|
|
|a Development Book Agency
GenEd (Residential Campus)
|e 34859, 40711
|
| 546 |
|
|
|a In Bengali.
|
| 650 |
|
|
|a Bengali fiction
|z Bangladesh.
|9 33203
|
| 650 |
|
|
|a Bengali literature.
|
| 700 |
|
|
|a হাননান, সুদীপ্ত.
|9 33003
|
| 700 |
|
|
|a ছফা, মানজুর.
|9 33004
|
| 852 |
|
|
|a Savar Campus Library
|c General Stacks
|
| 942 |
|
|
|2 ddc
|c BK
|
| 999 |
|
|
|c 40940
|d 40940
|
| 952 |
|
|
|0 0
|1 0
|2 ddc
|4 0
|6 891_443710000000000_SHO
|7 0
|8 FIC
|9 65706
|a SCL
|b SCL
|c GEN
|d 2019-07-17
|e Development Book Agency
|g 132.00
|l 8
|m 14
|o 891.44371 SHO
|p 3020034859
|r 2025-05-11
|s 2025-05-06
|t 1
|v 132.00
|w 2019-07-17
|y BK
|
| 952 |
|
|
|0 0
|1 0
|2 ddc
|4 0
|6 891_443710000000000_SHO
|7 0
|8 FIC
|9 72879
|a SCL
|b SCL
|c GEN
|d 2023-01-15
|e Development Book Agency
|g 132.00
|l 2
|o 891.44371 SHO
|p 3020040711
|r 2024-12-08
|s 2024-12-02
|t 2
|v 132.00
|w 2023-01-15
|y BK
|